000 00652nam a22002057a 4500
999 _c7273
_d7273
003 AR-CdUCM
008 190320b ||||| |||| 00| 0 spa d
040 _aMUNICIPALIDAD PROVINCIAL DEL CUSCO
_cBIBLIOTECA MUNICIPAL DEL CUSCO
082 _a890.25 /
_bF99
100 _aFöldes, Jolan
_920494
245 _aLa Calle del gato que pesca :
_bnovela /
260 _aSantiago de Chile :
_bErcilla,
_c1937.
300 _a273 páginas ;
_c18 cm.
440 _aColección Nueva Ercilla
_920495
500 _aDonación de la familia Nieto.
650 _aNovela
_9572
700 _aSánchez, Luis A. (Traductor)
_920496
942 _2ddc
_cLIBROS
945 _araen